Pension funds and economic power.

Bibliographic Details
Main Author: Harbrecht, Paul P.
Format: Book
Language:English
Published: New York : Twentieth Century Fund, 1959.
Subjects:

MARC

Tag First Indicator Second Indicator Subfields
LEADER 00000cam a2200000 4500
001 in00000062088
005 20151008051116.0
008 720203s1959 nyu 00100 eng u
010 |a  59015218  
035 |a (OCoLC)00233311 
035 |9 AAG5803AM 
040 |c DLC  |d OCL  |d TXA  |d UtOrBLW 
049 |a TXAM  |c [310959] 
050 0 |a HD7106.U5  |b H38 
092 |a 368.37  |b H255p 
100 1 |a Harbrecht, Paul P. 
245 1 0 |a Pension funds and economic power. 
264 1 |a New York :  |b Twentieth Century Fund,  |c 1959. 
300 |a 328 pages ;  |c 24 cm. 
336 |a text  |b txt  |2 rdacontent 
337 |a unmediated  |b n  |2 rdamedia 
338 |a volume  |b nc  |2 rdacarrier 
650 0 |a Pension trusts  |z United States. 
999 |a MARS 
999 f f |s b7e2c302-f807-3794-9b61-d204106bcbc1  |i d928347d-4127-3a76-b9ba-590e24f65829  |t 0 
952 f f |p ric  |a Texas A&M University  |b Rellis Campus  |c Joint Library Facility  |d Remote Storage  |t 0  |e HD7106.U5 H38  |h Library of Congress classification  |i unmediated -- volume  |m A14800816474 
998 f f |a HD7106.U5 H38  |t 0  |l Remote Storage